000 01082nam0a22003011 4500
001 rc\4057491
005 20250611073501.0
021 _aRU
_b[48-35423]
035 _a(NLR Aleph) 008110357
090 _a9300192
_c9300192
100 _a20130415d1948 |||y0rusy50 ca
101 0 _arus
102 _aRU
105 _aa z |||||
200 1 _aБукварь и первая книга для чтения [по русскому языку]
_eДля 2-го и 3-го классов арм. школ
205 _a1-е изд.
210 _aЕреван
_cИзд-во и тип. Армгиза
_d1948
215 _a188 с.
_cил.
_d20
300 _aПеред загл. авт.: Л.М. Коршунова, Н.Г. Алекян, М.М. Шиукова
606 _aРусский язык
_jБуквари
_2psbo
700 1 _aКоршунова
_bЛ.М.
_gЛидия Михайловна
701 1 _aАлекян
_bН.Г.
701 1 _aШиукова
_bМ.М.
801 0 _aRU
_bNLR
_gpsbo
801 1 _aRU
_bELAR
_2rusmarc
852 _aNLR
_jЯ60 Г-3/487
942 _cBOOK
980 _aNB